| 000 | 01949cam a22004214i 4500 | ||
|---|---|---|---|
| 003 | PE-LiUPU | ||
| 005 | 20250731173143.0 | ||
| 008 | 150623s r 000 0 d | ||
| 035 | _a(Sirsi) a27650 | ||
| 040 |
_aPE-LiUPU _bspa _cPE-LiUPU _erda |
||
| 082 | 0 | 4 |
_a270.9 _bS311979 _221 |
| 100 | 1 |
_aSchaff, Philip, _eautor. |
|
| 245 | 1 | 0 |
_aHistory of the christian church. _n2,Ante-Nicene Christianity / _cPhilip Schaff. |
| 250 | _a5a | ||
| 264 | 1 |
_aMichigan : _bWm. B. Eerdmans Publishing Company, _c1979. |
|
| 300 |
_a877 páginas : _bilustraciones tablas ; _c22 cm. |
||
| 336 |
_atext _2rdacontent |
||
| 337 |
_aunmediated _2rdamedia |
||
| 338 |
_avolume _2rdacarrier |
||
| 505 | 0 | _aSpread of christianity. Persecution of christianity and christian martyrdom. Literary contest of christianity with judaims and heathenism. Organization and discipline of the church. Christian worship. Beginnings of christina art. The church in the catacomes. The christian life in contrast with pagan corruption. Ascetic tendencies. Montanism. The heresies of tghe ante-nicene age. The development of catholic theology. Ecclesiastical literature of the ante-nicene age, and biographical sketches of the chruch fathers. | |
| 526 | _aSEG42 | ||
| 526 | _aSEG41 | ||
| 526 | _aSEG40 | ||
| 526 | _aSEG39 | ||
| 526 | _aP94 | ||
| 526 | _aP87 | ||
| 526 | _aP86 | ||
| 526 | _aP85 | ||
| 526 | _aP77 | ||
| 526 | _aP76 | ||
| 526 | _aP35 | ||
| 650 | 0 | 4 |
_aIglesia _xHistoria _yAntes de Nicea, 100-325 d. C. |
| 942 |
_2ddc _cBOOK |
||
| 949 |
_a270.9 S31 2 1979 _wDEWEY _c1 _i52953 _lCCODEBUL1 _mBUL _p25.00 _r0 _sY _tBOOK _u2015-06-24 _xTEOLOGIA _PP35 _0COMPRA _o.STAFF. Colección General |
||
| 596 | _a1 | ||
| 999 |
_a270.9 S31 2 1979 _wDEWEY _c34812 _i52953 _f2021-11-11 _g5 _lCCODEBUL1 _mBUL _p25.00 _r0 _sY _tBOOK _u2015-6-24 _xTEOLOGIA _PP35 _0COMPRA _o.STAFF. Colección General _d34812 |
||
| 980 |
_81 _gALBERTO SANCHEZ Responsable de Automatización |
||